Новейший англо-русский, русско-английский словарь с транскрипцией в обеих частях: 150 000 слов и словосочетаний

書誌詳細
第一著者: Стронг А. В. Алексей Вячеславович
要約:Настоящий словарь содержит около 150 000 слов и словосочетаний, которые наиболее часто употребляются в современных русском и английском языках. Помимо обычной лексики, представлено множество слов и выражений разговорной, научной и специализированной тематики.Для наиболее ясного понимания произношения слов в словарных статьях обеих частей словаря приводится транскрипция, основанная на нормах общепринятого транскрибирования. Словарь будет полезен переводчикам, преподавателям, научным сотрудникам, школьникам и студентам различных вузов.
言語:ロシア語
英語
出版事項: Москва, Аделант, 2015
主題:
フォーマット: MixedMaterials 図書
KOHA link:https://koha.lib.tpu.ru/cgi-bin/koha/opac-detail.pl?biblionumber=322915

MARC

LEADER 00000nam0a2200000 4500
001 322915
005 20231102003523.0
010 |a 9785936423680 
035 |a (RuTPU)RU\TPU\book\348473 
035 |a RU\TPU\book\300588 
090 |a 322915 
100 |a 20161006d2015 km y0rusy50 ca 
101 0 |a rus  |a eng 
102 |a RU 
105 |a y e 000zy 
200 1 |a Новейший англо-русский, русско-английский словарь с транскрипцией в обеих частях  |e 150 000 слов и словосочетаний  |f А. В. Стронг 
210 |a Москва  |c Аделант  |d 2015 
215 |a 799 с. 
330 |a Настоящий словарь содержит около 150 000 слов и словосочетаний, которые наиболее часто употребляются в современных русском и английском языках. Помимо обычной лексики, представлено множество слов и выражений разговорной, научной и специализированной тематики.Для наиболее ясного понимания произношения слов в словарных статьях обеих частей словаря приводится транскрипция, основанная на нормах общепринятого транскрибирования. Словарь будет полезен переводчикам, преподавателям, научным сотрудникам, школьникам и студентам различных вузов. 
606 1 |a Английский язык  |x Параллельные словари  |2 stltpush  |3 (RuTPU)RU\TPU\subj\29064  |9 52476 
610 1 |a лексика 
610 1 |a словари 
610 1 |a англо-русские словари 
610 1 |a русско-английские словари 
610 1 |a транскрипция 
686 |a Ш143.21-48  |v LBC/SL-A  |2 rubbk 
700 1 |a Стронг  |b А. В.  |g Алексей Вячеславович 
801 1 |a RU  |b 63413507  |c 20141202 
801 2 |a RU  |b 63413507  |c 20161012  |g RCR 
942 |c BK